000 00857cam a2200253 4500
001 WB3616-19
008 000000n2000 000 0 eng u
035 _a(Sirsi) u105655
245 _aRetail ranking
260 _c2000
490 _aBirmingham Post
_v27 April 2000. 1
490 _aWestern Mail
_v22 April 2000, 30(1)
520 _aResearch company Experian has published a ranking of more than 1,100 shopping locations including town centres and shopping centres. The top 5 localities were London's West End, Glasgow, Nottingham, Leeds and Birmingham.
590 _aWB
650 _aRANKING
650 _aLEAGUE TABLE
650 _aEXPERIAN
650 0 _aSHOPPING DESTINATIONS
650 _aTOWN CENTRES
650 _aCITY CENTRES
650 _aSHOPPING CENTRES
690 _aPROPERTY-COMMERCIAL PROPERTY-RETAIL PROPERTY
942 _n0
999 _c63277
_d63277